000 01010nam a2200241Ia 4500
001 19487
003 GE_BSU
008 181216s||||||||xx |||||||||||||| ||und||
040 _cGE_BSU
080 _a811.353.1'367
100 _aკოტინოვი, ნ.
245 _aკილოს კატეგორია და სინტაქსის ზოგიერთი საკითხი ქართულში
245 _cრედაქტორი: ე. პოლოლიკაშვილი.
260 _aთბილისი
260 _bგანათლება
260 _c1986
300 _a112 გვ;20სმ.
300 _bბიბლიოგრ. ტექსტის შენიშვნ.
541 _h40თ.
653 _aკილოს კატეგორია ქართულში; ქართული ენის სინტაქსი; ზმნა, ზმნის კილო
653 _aქართული ენა
942 _cBK
999 _c52464
_d52464